000 00286nam a22001337a 4500
008 171019b xxu||||| |||| 00| 0 eng d
020 _a013541053
041 _aeng
080 _a338
100 _a53
101 _aMEN
245 _aA MANAGEMENT GUIDE
_cWIEST.J.D
942 _2udc
_cBK
999 _c34895
_d34895